Нормален изглед
MARC изглед
- Della Casa, Lisa
Вход 01. Лично име
001 - Контролен номер на записа
- Контролно поле: 353762
003 - Код на организацията, даваща контролен номер
- Контролно поле: BLK
005 - Дата и час на последна промяна на записа
- Контролно поле: 20180421002301.0
008 - Данни с фиксирана дължина – обща информация
- Данни с фиксирана дължина : 180421|| aca||aabn | a|a d
100 ## - ИМЕ НА ЛИЦЕ -ПЪРВИЧНА ИНТЕЛЕКТУАЛНА ОТГОВОРНОСТ
- Лично име: Della Casa, Lisa
- Ключова дума за отношение: сопран
942 ## - Системна служебна употреба
- Koha auth type: PERSO_NAME